[Event "FIDE Open World Blitz 2021"]
[Site "Warsaw"]
[Date "2021.12.30"]
[Round "21.33"]
[White "Masternak, Grzegorz"]
[Black "Blanco Acevedo, Cristobal Jose"]
[Result "0-1"]
[WhiteElo "2188"]
[BlackElo "2350"]
[Annotator "NA"]
[PlyCount "84"]
[EventDate "2021.12.29"]
[EventType "swiss"]
[EventCountry "POL"]
[Tiebreak "Cut1 Buchholz"]
[SourceTitle "playchess.com"]
[Source "ChessBase"]
[SourceQuality "1"]

1. e4 c5 2. Nc3 Nc6 3. g3 g6 4. Bg2 Bg7 5. d3 d6 6. Be3 Rb8 7. Qd2 b5 8. Nge2
b4 9. Nd1 h5 10. h3 e6 11. f4 Nge7 12. O-O Nd4 13. c3 Nxe2+ 14. Qxe2 bxc3 15.
bxc3 Ba6 16. Rc1 Qa5 17. Kh2 Qb5 18. Nf2 Qb2 19. Rc2 Qa3 20. Qd2 f5 21. Re1 O-O
22. g4 h4 23. d4 cxd4 24. Bxd4 e5 25. Bxa7 Rbd8 26. Be3 fxe4 27. Nxe4 exf4 28.
Bxf4 Bc4 29. Nxd6 Nc8 30. Bd5+ Bxd5 31. Qxd5+ Kh7 32. Be5 Bxe5+ 33. Rxe5 Qxd6
34. Qxd6 Rxd6 35. c4 Rd3 36. c5 Rff3 37. Re8 Rxh3+ 38. Kg2 Rdg3+ 39. Kf1 Rh1+
40. Ke2 Rh2+ 41. Kd1 Rg1+ 42. Re1 Rxe1+ 0-1

[Event "FIDE Open World Blitz 2021"]
[Site "Warsaw"]
[Date "2021.12.30"]
[Round "21.34"]
[White "Efimenko, Zahar"]
[Black "Tari, Aryan"]
[Result "1-0"]
[WhiteElo "2601"]
[BlackElo "2649"]
[Annotator "ChessBase"]
[PlyCount "89"]
[EventDate "2021.12.29"]
[EventType "swiss"]
[EventCountry "POL"]
[Tiebreak "Cut1 Buchholz"]
[SourceTitle "playchess.com"]
[Source "ChessBase"]
[SourceQuality "1"]

1. Nf3 d5 2. g3 g6 3. Bg2 Bg7 4. d4 Nf6 5. O-O O-O 6. c4 c6 7. cxd5 cxd5 8. Ne5
Ne4 9. Nd2 Nxd2 10. Bxd2 Nc6 11. Nxc6 bxc6 12. Qa4 Qb6 13. e3 a5 14. b4 axb4
15. Qxb4 Qa7 16. Rfc1 e5 17. Bc3 exd4 18. Bxd4 Bxd4 19. Qxd4 Qxd4 20. exd4 Bd7
21. a4 Rfb8 22. a5 Rb4 23. a6 Rxd4 24. Rcb1 Ra7 25. Bf1 Kf8 26. Rb7 Ra8 27.
Rxd7 Re4 28. Rc7 Re6 29. a7 Re7 30. Rxc6 Raxa7 31. Rxa7 Rxa7 32. Rd6 Ra5 33.
Bg2 Ra1+ 34. Bf1 Ra5 35. Rd7 Ke8 36. Rb7 d4 37. Bb5+ Kf8 38. Bc4 Rc5 39. Rb4
Ke7 40. Kf1 h5 41. h4 f6 42. Bd3 Rd5 43. Bxg6 d3 44. Ke1 Re5+ 45. Re4 1-0

[Event "FIDE Open World Blitz 2021"]
[Site "Warsaw"]
[Date "2021.12.30"]
[Round "21.34"]
[White "Tologontegin, Semetey"]
[Black "Elier, Ali"]
[Result "1-0"]
[WhiteElo "2224"]
[BlackElo "2194"]
[Annotator "NA"]
[PlyCount "79"]
[EventDate "2021.12.29"]
[EventType "swiss"]
[EventCountry "POL"]
[Tiebreak "Cut1 Buchholz"]
[SourceTitle "playchess.com"]
[Source "ChessBase"]
[SourceQuality "1"]

1. d4 d5 2. Nc3 Nf6 3. Bf4 e6 4. Nb5 Bd6 5. Nxd6+ cxd6 6. c3 Nc6 7. e3 e5 8.
Bg3 Qb6 9. Qb3 O-O 10. Nf3 Re8 11. Be2 Bg4 12. Rd1 Rad8 13. h3 Bh5 14. Bh4 exd4
15. Bxf6 gxf6 16. Nxd4 Bg6 17. O-O Qc7 18. Qxd5 Re5 19. Qf3 Be4 20. Qxf6 Nxd4
21. Rxd4 Re6 22. Qh4 d5 23. Rfd1 Rde8 24. Bf3 Bxf3 25. gxf3 Rg6+ 26. Rg4 Qa5
27. a3 Ree6 28. f4 Qa4 29. Rd2 Qe4 30. Qd8+ Kg7 31. Qxd5 Qb1+ 32. Rd1 Qxb2 33.
Qd4+ Kg8 34. f5 Rxg4+ 35. Qxg4+ Rg6 36. fxg6 hxg6 37. Rd8+ Kg7 38. Qd4+ Kh6 39.
Qh4+ Kg7 40. Qh8# 1-0

[Event "FIDE Open World Blitz 2021"]
[Site "Warsaw"]
[Date "2021.12.30"]
[Round "21.35"]
[White "Sadhwani, Raunak"]
[Black "Petrosyan, Manuel"]
[Result "0-1"]
[WhiteElo "2562"]
[BlackElo "2599"]
[Annotator "ChessBase"]
[PlyCount "174"]
[EventDate "2021.12.29"]
[EventType "swiss"]
[EventCountry "POL"]
[Tiebreak "Cut1 Buchholz"]
[SourceTitle "playchess.com"]
[Source "ChessBase"]
[SourceQuality "1"]

1. e4 e5 2. Nf3 Nc6 3. g3 Nf6 4. d3 d5 5. exd5 Nxd5 6. Bg2 g6 7. O-O Bg7 8. Nc3
Nxc3 9. bxc3 O-O 10. Rb1 Rb8 11. Nd2 Be6 12. a4 Bd5 13. Re1 Bxg2 14. Kxg2 Qd7
15. Qf3 b6 16. Nc4 Rfe8 17. h4 h5 18. Bg5 a5 19. Re2 Re6 20. Rbe1 Rbe8 21. Ne3
f6 22. Qd5 Rd8 23. Qa2 fxg5 24. d4 Qf7 25. d5 Ree8 26. hxg5 Ne7 27. c4 Nf5 28.
Nxf5 Qxf5 29. Qb3 Bf8 30. f4 e4 31. d6 cxd6 32. Qxb6 Qc5 33. Qb7 Re7 34. Qb5
Rde8 35. Rd1 Bg7 36. Rd5 Qa3 37. Qb3 Qxb3 38. cxb3 Bc3 39. Rxd6 Kg7 40. Rd5 Bb4
41. Rd4 Re6 42. Rd7+ R8e7 43. Rd4 Bc3 44. Rd5 e3 45. Kf3 Bd2 46. c5 Rb7 47. g4
hxg4+ 48. Kxg4 Rc6 49. Rh2 Rbc7 50. Rd8 Rxc5 51. Rdh8 Kf7 52. R2h6 e2 53. R6h7+
Ke6 54. Re8+ Kd6 55. Rxc7 Rxc7 56. Rxe2 Bc1 57. Re1 Rc3 58. Rh1 Ke6 59. Rh6 Kf7
60. Rh7+ Kg8 61. Rb7 Rd3 62. Rb8+ Kf7 63. Rb7+ Kf8 64. Rb8+ Ke7 65. Rb7+ Rd7
66. Rb6 Rd6 67. Rb7+ Rd7 68. Rb6 Kf7 69. b4 axb4 70. Rxb4 Bd2 71. Rc4 Rd5 72.
Rc7+ Kf8 73. Rc8+ Ke7 74. Rc7+ Ke8 75. Rc6 Rd4 76. Rxg6 Rxf4+ 77. Kh5 Rxa4 78.
Re6+ Kf7 79. Rd6 Bc1 80. Rd7+ Ke6 81. Rc7 Bf4 82. Rc6+ Kd5 83. Rf6 Ke5 84. Rb6
Be3 85. Kg6 Bxb6 86. Kh5 Bd8 87. g6 Rh4# 0-1

[Event "FIDE Open World Blitz 2021"]
[Site "Warsaw"]
[Date "2021.12.30"]
[Round "21.35"]
[White "Laith, Kasib"]
[Black "Lima, Darcy"]
[Result "0-1"]
[WhiteElo "2010"]
[BlackElo "2379"]
[Annotator "NA"]
[PlyCount "52"]
[EventDate "2021.12.29"]
[EventType "swiss"]
[EventCountry "POL"]
[Tiebreak "Cut1 Buchholz"]
[SourceTitle "playchess.com"]
[Source "ChessBase"]
[SourceQuality "1"]

1. Nf3 g6 2. g3 Bg7 3. Bg2 e5 4. d3 d5 5. O-O Ne7 6. e4 Nbc6 7. Nbd2 O-O 8. c3
a5 9. Re1 h6 10. exd5 Nxd5 11. Nc4 Re8 12. a4 Bf5 13. Nh4 Be6 14. Nf3 Bf5 15.
Nh4 Bc8 16. Qb3 g5 17. Nf3 Nb6 18. Nxb6 cxb6 19. Be3 Qxd3 20. Rad1 Qg6 21. Qxb6
e4 22. Nd4 Bg4 23. Qxb7 Nxd4 24. Rxd4 Bxd4 25. Bxd4 Rab8 26. Bxe4 Rxb7 0-1

[Event "FIDE Open World Blitz 2021"]
[Site "Warsaw"]
[Date "2021.12.30"]
[Round "21.36"]
[White "Zvjaginsev, Vadim"]
[Black "Durarbayli, Vasif"]
[Result "1-0"]
[WhiteElo "2609"]
[BlackElo "2599"]
[Annotator "ChessBase"]
[PlyCount "95"]
[EventDate "2021.12.29"]
[EventType "swiss"]
[EventCountry "POL"]
[Tiebreak "Cut1 Buchholz"]
[SourceTitle "playchess.com"]
[Source "ChessBase"]
[SourceQuality "1"]

1. c4 c5 2. Nf3 Nf6 3. Nc3 e6 4. e4 Nc6 5. Be2 a6 6. O-O Qc7 7. d4 cxd4 8. Nxd4
Bd6 9. g3 Be5 10. Be3 h5 11. f4 Bxd4 12. Bxd4 d6 13. Rc1 Nxd4 14. Qxd4 h4 15.
Rcd1 hxg3 16. hxg3 Ke7 17. e5 dxe5 18. fxe5 Nd7 19. Qf4 Qc5+ 20. Rf2 f5 21. Ne4
fxe4 22. Qg5+ Ke8 23. Bh5+ Rxh5 24. Qxh5+ Kd8 25. Qg5+ Kc7 26. Qxg7 Kb6 27.
Rxd7 Bxd7 28. Qxd7 Qxe5 29. c5+ Qxc5 30. Qxe6+ Ka7 31. Qxe4 Rh8 32. Kg2 Ka8 33.
Rf7 Qb5 34. b4 Rb8 35. Rf5 Qb6 36. a4 Rd8 37. b5 Rd2+ 38. Kh3 axb5 39. axb5
Qh6+ 40. Kg4 Qh8 41. Qa4+ Kb8 42. Qf4+ Ka8 43. Qxd2 Qg8+ 44. Qg5 Qc4+ 45. Rf4
Qe6+ 46. Qf5 Qg8+ 47. Kh3 Qh8+ 48. Rh4 1-0

[Event "FIDE Open World Blitz 2021"]
[Site "Warsaw"]
[Date "2021.12.30"]
[Round "21.37"]
[White "Corrales Jimenez, Fidel"]
[Black "Pichot, Alan"]
[Result "0-1"]
[WhiteElo "2523"]
[BlackElo "2630"]
[Annotator "ChessBase"]
[PlyCount "88"]
[EventDate "2021.12.29"]
[EventType "swiss"]
[EventCountry "POL"]
[Tiebreak "Cut1 Buchholz"]
[SourceTitle "playchess.com"]
[Source "ChessBase"]
[SourceQuality "1"]

1. d4 Nf6 2. c4 e6 3. Nf3 d5 4. Nc3 dxc4 5. e3 a6 6. a4 c5 7. Bxc4 Nc6 8. O-O
Be7 9. Bb3 O-O 10. dxc5 Qc7 11. Bc2 Bxc5 12. Nd2 b6 13. Qf3 Bb7 14. Qh3 Nb4 15.
Bb1 h6 16. e4 Rad8 17. Nb3 Be7 18. Be3 Nd3 19. Bxd3 Rxd3 20. Bxb6 Qc4 21. Na5
Qxc3 22. bxc3 Rxh3 23. gxh3 Bxe4 24. c4 Rc8 25. Rfc1 Nd7 26. Be3 Ne5 27. c5 Nd3
28. Rc4 Bd5 29. Rc2 Nb4 30. Rd2 Bd8 31. Rxd5 Nxd5 32. Nb7 Be7 33. Bd4 Rc7 34.
Rb1 f6 35. f3 e5 36. Bf2 Kf7 37. Kf1 Ke6 38. Rb3 Kd7 39. Ke2 Nf4+ 40. Kd2 Ne6
41. Rb6 Rc6 42. a5 Nc7 43. Kd3 Nd5 44. Rb3 Rc7 0-1

[Event "FIDE Open World Blitz 2021"]
[Site "Warsaw"]
[Date "2021.12.30"]
[Round "21.38"]
[White "Timofeev, Artyom"]
[Black "Gareyev, Timur"]
[Result "1-0"]
[WhiteElo "2586"]
[BlackElo "2583"]
[Annotator "ChessBase"]
[PlyCount "88"]
[EventDate "2021.12.29"]
[EventType "swiss"]
[EventCountry "POL"]
[Tiebreak "Cut1 Buchholz"]
[SourceTitle "playchess.com"]
[Source "ChessBase"]
[SourceQuality "1"]

1. c4 b6 2. Nc3 Bb7 3. e4 e6 4. d3 Bb4 5. Bd2 Nf6 6. a3 Bxc3 7. Bxc3 c5 8. e5
Ng8 9. Qg4 Ne7 10. Qxg7 Rg8 11. Qxh7 Nbc6 12. Nf3 Qc7 13. O-O-O O-O-O 14. Qh6
Nf5 15. Qf4 f6 16. Rg1 fxe5 17. Nxe5 Ncd4 18. g4 Rdf8 19. gxf5 Rxg1 20. Bxd4
Rxf5 21. Qh4 cxd4 22. f4 d6 23. Bh3 Rxd1+ 24. Kxd1 dxe5 25. Bxf5 Bf3+ 26. Kd2
exf5 27. Qh8+ Kb7 28. fxe5 Bc6 29. Qf6 Qh7 30. h4 a5 31. b4 axb4 32. axb4 b5
33. cxb5 Bxb5 34. e6 Qc7 35. Qxd4 Qh2+ 36. Kc3 Qc7+ 37. Kb2 Ba4 38. Qc5 Qxc5
39. bxc5 f4 40. Kc3 Kc6 41. h5 Kd5 42. h6 f3 43. Kd2 Bb5 44. e7 Ke6 1-0

[Event "FIDE Open World Blitz 2021"]
[Site "Warsaw"]
[Date "2021.12.30"]
[Round "21.39"]
[White "Predke, Alexandr"]
[Black "Ter-Sahakyan, Samvel"]
[Result "1-0"]
[WhiteElo "2627"]
[BlackElo "2565"]
[Annotator "ChessBase"]
[PlyCount "87"]
[EventDate "2021.12.29"]
[EventType "swiss"]
[EventCountry "POL"]
[Tiebreak "Cut1 Buchholz"]
[SourceTitle "playchess.com"]
[Source "ChessBase"]
[SourceQuality "1"]

1. d4 Nf6 2. c4 e6 3. Nc3 Bb4 4. e3 O-O 5. Bd3 d5 6. cxd5 exd5 7. a3 Bd6 8. Qc2
Nc6 9. Nge2 a6 10. f3 Re8 11. Bd2 Bf8 12. g4 g6 13. h4 b5 14. h5 b4 15. Na4 Re6
16. hxg6 hxg6 17. Nc5 Bxc5 18. Qxc5 bxa3 19. bxa3 Rb8 20. Nf4 Rd6 21. Kf2 Ne7
22. Rab1 Rxb1 23. Rxb1 Rb6 24. Rc1 Rc6 25. Qb4 Rxc1 26. Bxc1 Kg7 27. Bd2 Ne8
28. Kg2 Nf6 29. Qc5 c6 30. Bb4 Neg8 31. Qxc6 Bd7 32. Qxa6 Qc7 33. Qd6 Qc8 34.
Nxd5 Nxd5 35. Qxd5 Bc6 36. Qe5+ f6 37. Qg3 Ba8 38. Kf2 Qc1 39. Qd6 Nh6 40. g5
Qb2+ 41. Kg3 fxg5 42. Qf8+ Kh7 43. Qe7+ Kh8 44. Bxg6 1-0

[Event "FIDE Open World Blitz 2021"]
[Site "Warsaw"]
[Date "2021.12.30"]
[Round "21.40"]
[White "Vakhidov, Jakhongir"]
[Black "Movsesian, Sergei"]
[Result "0-1"]
[WhiteElo "2557"]
[BlackElo "2615"]
[Annotator "ChessBase"]
[PlyCount "86"]
[EventDate "2021.12.29"]
[EventType "swiss"]
[EventCountry "POL"]
[Tiebreak "Cut1 Buchholz"]
[SourceTitle "playchess.com"]
[Source "ChessBase"]
[SourceQuality "1"]

1. c4 Nf6 2. Nc3 e5 3. Nf3 Nc6 4. e4 Bb4 5. d3 d6 6. a3 Bxc3+ 7. bxc3 O-O 8. g3
h6 9. Bg2 Nh7 10. Rb1 Ne7 11. O-O f5 12. exf5 Nxf5 13. d4 e4 14. Nd2 e3 15. Ne4
exf2+ 16. Rxf2 Rb8 17. Bf4 Be6 18. d5 Bf7 19. c5 Bg6 20. Qg4 Qe8 21. cxd6 cxd6
22. Re1 Bh5 23. Qh3 Qg6 24. Bf1 Rbe8 25. Bd3 Bg4 26. Qf1 Qh5 27. Nxd6 Bh3 28.
Rxe8 Bxf1 29. Rxf8+ Nxf8 30. Rxf1 Ne7 31. c4 Nfg6 32. Bc1 Qe5 33. Nb5 a6 34.
Bxg6 Nxg6 35. Na7 Qd4+ 36. Kg2 Qxa7 37. Rd1 Nf8 38. d6 b5 39. Bb2 bxc4 40. Bc3
Qb7+ 41. Kh3 Nd7 42. Re1 Qf3 43. Re7 Qxc3 0-1

[Event "FIDE Open World Blitz 2021"]
[Site "Warsaw"]
[Date "2021.12.30"]
[Round "21.41"]
[White "Tazbir, Marcin"]
[Black "Hovhannisyan, Robert"]
[Result "0-1"]
[WhiteElo "2508"]
[BlackElo "2622"]
[Annotator "ChessBase"]
[PlyCount "98"]
[EventDate "2021.12.29"]
[EventType "swiss"]
[EventCountry "POL"]
[Tiebreak "Cut1 Buchholz"]
[SourceTitle "playchess.com"]
[Source "ChessBase"]
[SourceQuality "1"]

1. c4 e5 2. g3 c6 3. Nf3 e4 4. Nd4 d5 5. d3 Bc5 6. Nb3 Bb4+ 7. Bd2 Bxd2+ 8.
Qxd2 dxc4 9. dxc4 f5 10. Qxd8+ Kxd8 11. Nc3 Nf6 12. f3 Kc7 13. fxe4 fxe4 14.
Bg2 Be6 15. c5 Nbd7 16. Nd4 Rhe8 17. b4 a5 18. b5 Nxc5 19. bxc6 bxc6 20. Rc1
Rad8 21. Nc2 Rb8 22. O-O h6 23. Nd4 Rb4 24. Rfd1 Bg4 25. h3 Rd8 26. Nxc6 Rxd1+
27. Nxd1 Kxc6 28. hxg4 Nxg4 29. a3 Ra4 30. Nb2 Rxa3 31. Bxe4+ Kb5 32. Bd5 Rxg3+
33. Kf1 h5 34. Rb1 a4 35. Nd3+ Nb3 36. Bxb3 axb3 37. Rxb3+ Kc4 38. Rb7 h4 39.
Nf4 g5 40. Rc7+ Kd4 41. Ne6+ Ke5 42. Nxg5 Nh2+ 43. Kf2 Rxg5 44. Rc5+ Kf6 45.
Rc4 Ng4+ 46. Ke1 Kg6 47. Rc8 Kh5 48. Rh8+ Nh6 49. Kf2 h3 0-1

[Event "FIDE Open World Blitz 2021"]
[Site "Warsaw"]
[Date "2021.12.30"]
[Round "21.42"]
[White "Saric, Ivan"]
[Black "Rapport, Richard"]
[Result "0-1"]
[WhiteElo "2665"]
[BlackElo "2763"]
[Annotator "ChessBase"]
[PlyCount "66"]
[EventDate "2021.12.29"]
[EventType "swiss"]
[EventCountry "POL"]
[Tiebreak "Cut1 Buchholz"]
[SourceTitle "playchess.com"]
[Source "ChessBase"]
[SourceQuality "1"]

1. e4 c5 2. Nf3 d6 3. d4 cxd4 4. Nxd4 Nf6 5. Nc3 g6 6. f3 Nc6 7. Be3 h5 8. Qd2
Nxd4 9. Bxd4 Bh6 10. Bb5+ Bd7 11. Qd3 Bc6 12. O-O O-O 13. Bxf6 exf6 14. Kh1 Qb6
15. a4 Qc5 16. Rfd1 Rfd8 17. Nd5 Kg7 18. b4 Qf2 19. Bc4 Rac8 20. c3 Qh4 21. g3
Qh3 22. Qd4 Bxd5 23. Bxd5 h4 24. Rg1 Bf4 25. Rg2 hxg3 26. Qxa7 Rh8 27. Re1 Rxc3
28. Bxf7 Kxf7 29. Qxb7+ Kg8 30. e5 Qxh2+ 31. Rxh2 Rxh2+ 32. Kg1 Be3+ 33. Kf1
g2+ 0-1

[Event "FIDE Open World Blitz 2021"]
[Site "Warsaw"]
[Date "2021.12.30"]
[Round "21.43"]
[White "Korobov, Anton"]
[Black "Van Foreest, Lucas"]
[Result "1-0"]
[WhiteElo "2684"]
[BlackElo "2532"]
[Annotator "ChessBase"]
[PlyCount "87"]
[EventDate "2021.12.29"]
[EventType "swiss"]
[EventCountry "POL"]
[Tiebreak "Cut1 Buchholz"]
[SourceTitle "playchess.com"]
[Source "ChessBase"]
[SourceQuality "1"]

1. c4 c6 2. Nc3 Na6 3. e4 Nc7 4. d4 e6 5. e5 d6 6. exd6 Bxd6 7. Nf3 Nf6 8. Bg5
b6 9. Bd3 Bb7 10. O-O h6 11. Bxf6 Qxf6 12. Re1 O-O 13. a3 Rab8 14. Ne4 Qd8 15.
b4 Be7 16. c5 Nd5 17. Ne5 Qc7 18. Qf3 a5 19. bxa5 bxc5 20. Nxc5 Bxc5 21. dxc5
Ra8 22. Nc4 Ba6 23. Nb6 Ra7 24. Bc2 Bb7 25. Qd3 g6 26. Qd2 Qf4 27. Qxf4 Nxf4
28. Nc4 Ba6 29. Ne5 Rc8 30. Rab1 Nd5 31. Rb6 Bb5 32. a4 Rxa5 33. axb5 Nxb6 34.
cxb6 Rxb5 35. Nc4 Rd8 36. g3 Rc5 37. Bb3 Rb5 38. Re3 Rd4 39. Rc3 c5 40. Kf1 Kf8
41. Ke2 Ke7 42. h4 Kd7 43. Ba4 Kd8 44. Bb3 1-0

[Event "FIDE Open World Blitz 2021"]
[Site "Warsaw"]
[Date "2021.12.30"]
[Round "21.44"]
[White "Gajewski, Grzegorz"]
[Black "Shevchenko, Kirill"]
[Result "0-1"]
[WhiteElo "2589"]
[BlackElo "2647"]
[Annotator "ChessBase"]
[PlyCount "98"]
[EventDate "2021.12.29"]
[EventType "swiss"]
[EventCountry "POL"]
[Tiebreak "Cut1 Buchholz"]
[SourceTitle "playchess.com"]
[Source "ChessBase"]
[SourceQuality "1"]

1. Nf3 Nf6 2. c4 g6 3. Nc3 Bg7 4. e4 d6 5. d4 O-O 6. Be2 e5 7. O-O Nc6 8. d5
Ne7 9. a4 Nh5 10. a5 h6 11. b4 f5 12. exf5 Nxf5 13. Ne4 Nf4 14. Bxf4 exf4 15.
Rc1 g5 16. h3 Qe8 17. Bd3 Qh5 18. c5 Rf7 19. Re1 Bd7 20. cxd6 cxd6 21. Rc7 Raf8
22. Nh2 Qxd1 23. Rxd1 Ba4 24. Rdc1 Bb2 25. Rxf7 Rxf7 26. Rc8+ Rf8 27. Rc7 Rf7
28. Rc8+ Kg7 29. Nf3 Bd7 30. Rc2 Ba3 31. b5 Ne7 32. Ra2 Bb4 33. Ra4 Bc5 34.
Nxc5 dxc5 35. Ne5 Nxd5 36. Nxf7 Kxf7 37. Bc4 Be6 38. b6 axb6 39. Bxd5 Bxd5 40.
axb6 Ke6 41. Ra8 h5 42. Rg8 Kf5 43. Re8 c4 44. Kf1 g4 45. hxg4+ hxg4 46. g3
fxg3 47. fxg3 Bf3 48. Kf2 Bc6 49. Ke3 Bxe8 0-1

[Event "FIDE Open World Blitz 2021"]
[Site "Warsaw"]
[Date "2021.12.30"]
[Round "21.45"]
[White "Theodorou, Nikolas"]
[Black "Paravyan, David"]
[Result "1/2-1/2"]
[WhiteElo "2351"]
[BlackElo "2642"]
[Annotator "ChessBase"]
[PlyCount "113"]
[EventDate "2021.12.29"]
[EventType "swiss"]
[EventCountry "POL"]
[Tiebreak "Cut1 Buchholz"]
[SourceTitle "playchess.com"]
[Source "ChessBase"]
[SourceQuality "1"]

1. e4 e5 2. d4 exd4 3. c3 d5 4. exd5 Qxd5 5. cxd4 Nc6 6. Nf3 Bg4 7. Be2 Bb4+ 8.
Nc3 Bxf3 9. Bxf3 Qc4 10. a3 Bxc3+ 11. bxc3 Qxc3+ 12. Bd2 Qd3 13. Bf4 Qxd1+ 14.
Rxd1 O-O-O 15. d5 Re8+ 16. Be2 Ne5 17. O-O Nf6 18. Bb5 Nfd7 19. Rc1 a6 20. Ba4
b5 21. Bb3 Nb6 22. d6 Nbc4 23. Bxe5 Rxe5 24. Bxc4 bxc4 25. Rxc4 c5 26. f4 Rd5
27. Rfc1 Kd7 28. Rxc5 Rxc5 29. Rxc5 Kxd6 30. Ra5 Ra8 31. Kf2 Ra7 32. Ke3 Kc6
33. Kd4 Rd7+ 34. Kc3 Kb6 35. Rh5 h6 36. Re5 Rc7+ 37. Kb3 Rc5 38. Re7 Rf5 39. g3
g5 40. fxg5 hxg5 41. h4 g4 42. Kc4 Rf3 43. a4 Ka5 44. h5 Kxa4 45. h6 Rxg3 46.
Rxf7 Rh3 47. h7 a5 48. Rf1 Ka3 49. Ra1+ Kb2 50. Rxa5 Rxh7 51. Rg5 Ra7 52. Kd3
g3 53. Ke2 Ra3 54. Kf1 Rb3 55. Kg2 Rc3 56. Rxg3 Rxg3+ 57. Kxg3 1/2-1/2

[Event "FIDE Open World Blitz 2021"]
[Site "Warsaw"]
[Date "2021.12.30"]
[Round "21.46"]
[White "Bluebaum, Matthias"]
[Black "Christiansen, Johan-Sebastian"]
[Result "1-0"]
[WhiteElo "2609"]
[BlackElo "2593"]
[Annotator "ChessBase"]
[PlyCount "83"]
[EventDate "2021.12.29"]
[EventType "swiss"]
[EventCountry "POL"]
[Tiebreak "Cut1 Buchholz"]
[SourceTitle "playchess.com"]
[Source "ChessBase"]
[SourceQuality "1"]

1. d4 d5 2. c4 dxc4 3. e4 e5 4. Nf3 exd4 5. Bxc4 Nc6 6. O-O Be6 7. Nbd2 Qf6 8.
a3 Bd6 9. Qb3 O-O-O 10. Qa4 Kb8 11. b4 Ne5 12. Nxe5 Bxe5 13. Bxe6 Qxe6 14. Bb2
d3 15. Bxe5 Qxe5 16. Nb3 b6 17. Rad1 Nf6 18. Rfe1 Rd6 19. Nd2 Ng4 20. Nf3 Qf4
21. e5 Rd5 22. e6 fxe6 23. Rxe6 Rhd8 24. Re8 Qc4 25. Rxd8+ Rxd8 26. Rd2 Qc3 27.
Qd1 Qxa3 28. h3 Nf6 29. Ne5 Ne4 30. Nc6+ Kc8 31. Qg4+ Rd7 32. Qxe4 Qc1+ 33. Kh2
Qxd2 34. Nxa7+ Kb8 35. Nc6+ Kb7 36. Ne5+ Ka7 37. Nxd7 Qc3 38. b5 Qa3 39. Ne5 d2
40. Nc6+ Kb7 41. Qe8 Qd6+ 42. g3 1-0

[Event "FIDE Open World Blitz 2021"]
[Site "Warsaw"]
[Date "2021.12.30"]
[Round "21.47"]
[White "Alonso Rosell, Alvar"]
[Black "Piorun, Kacper"]
[Result "1/2-1/2"]
[WhiteElo "2580"]
[BlackElo "2634"]
[Annotator "ChessBase"]
[PlyCount "141"]
[EventDate "2021.12.29"]
[EventType "swiss"]
[EventCountry "POL"]
[Tiebreak "Cut1 Buchholz"]
[SourceTitle "playchess.com"]
[Source "ChessBase"]
[SourceQuality "1"]

1. d4 Nf6 2. Bf4 g6 3. Nc3 d5 4. e3 Bg7 5. h4 h5 6. Nf3 Bg4 7. Qd2 Bxf3 8. gxf3
c6 9. O-O-O Nbd7 10. e4 e6 11. Bh3 Nb6 12. Qd3 Bh6 13. Bxh6 Rxh6 14. Rde1 Qe7
15. Ne2 O-O-O 16. Nf4 Kb8 17. Qe3 Rhh8 18. Nd3 Nfd7 19. Qg5 Qd6 20. c3 Ka8 21.
Rd1 a5 22. Rhe1 Ka7 23. Kb1 Nc4 24. f4 dxe4 25. Ne5 Ndxe5 26. fxe5 Qc7 27. Bf1
Nb6 28. Rxe4 c5 29. c4 cxd4 30. Rexd4 Rxd4 31. Rxd4 Na4 32. Qe3 Qb6 33. b3 Nc5
34. Rd6 Qb4 35. Kb2 a4 36. Be2 Rc8 37. Bd1 a3+ 38. Kc2 Kb8 39. Bf3 Qa5 40. Qc3
Qc7 41. Qb4 Ka7 42. Qxa3+ Na6 43. Qa4 Qc5 44. Bxb7 Qxf2+ 45. Kb1 Qg1+ 46. Kb2
Qf2+ 47. Kc1 Qg1+ 48. Kb2 Qf2+ 49. Kc1 Qg1+ 50. Kc2 Qf2+ 51. Kb1 Qe1+ 52. Kb2
Qf2+ 53. Ka3 Qc5+ 54. b4 Qe3+ 55. Kb2 Qxe5+ 56. Kc2 Qxd6 57. Bxc8 Qh2+ 58. Kb1
Qg1+ 59. Kb2 Qf2+ 60. Qc2 Qxc2+ 61. Kxc2 Nxb4+ 62. Kb3 Nc6 63. Bd7 Kb6 64. Be8
Kc5 65. Bxf7 Ne5 66. Bxe6 Nf3 67. Kc3 Nxh4 68. Bf7 Nf3 69. Bxg6 Ne5 70. Bxh5
Nxc4 71. a3 1/2-1/2

[Event "FIDE Open World Blitz 2021"]
[Site "Warsaw"]
[Date "2021.12.30"]
[Round "21.48"]
[White "Ivic, Velimir"]
[Black "Teclaf, Pawel"]
[Result "0-1"]
[WhiteElo "2575"]
[BlackElo "2543"]
[Annotator "ChessBase"]
[PlyCount "115"]
[EventDate "2021.12.29"]
[EventType "swiss"]
[EventCountry "POL"]
[Tiebreak "Cut1 Buchholz"]
[SourceTitle "playchess.com"]
[Source "ChessBase"]
[SourceQuality "1"]

1. d4 e6 2. e4 d5 3. Nc3 Nf6 4. e5 Nfd7 5. f4 c5 6. Nf3 a6 7. Be3 Qb6 8. Qd2
Qxb2 9. Rb1 Qa3 10. Be2 Nc6 11. O-O cxd4 12. Nxd4 Nxd4 13. Bxd4 Bc5 14. Kh1
Bxd4 15. Qxd4 Qc5 16. Qd2 O-O 17. Bd3 b5 18. Ne2 Bb7 19. Nd4 g6 20. Qf2 Rac8
21. Rbd1 Qe7 22. Qg3 Kh8 23. Qh3 Nc5 24. Nf3 Ne4 25. Qh6 f6 26. Bxe4 dxe4 27.
exf6 Rxf6 28. Ne5 Bd5 29. Qh4 Qg7 30. Ng4 Rff8 31. Ne3 Qf6 32. Qf2 Bc4 33. Ng4
Qg7 34. Rfe1 Bd5 35. Ne3 Rcd8 36. Qg3 Qc7 37. Rf1 Qc3 38. h4 Bxa2 39. Rxd8 Rxd8
40. Qg5 Rf8 41. Ng4 Bd5 42. Ne5 Qc7 43. Ra1 e3 44. Re1 Kg8 45. Rxe3 Qxc2 46.
Nd3 Qc7 47. h5 Qf7 48. h6 Qf6 49. Qg3 Qf5 50. Re5 Qf6 51. Kh2 a5 52. Rg5 Kh8
53. Qe3 b4 54. Kg3 b3 55. Qd2 a4 56. Ne5 a3 57. Nd7 Qb2 58. Qxb2+ 0-1

[Event "FIDE Open World Blitz 2021"]
[Site "Warsaw"]
[Date "2021.12.30"]
[Round "21.49"]
[White "Moroni, Luca Jr"]
[Black "Socko, Bartosz"]
[Result "0-1"]
[WhiteElo "2580"]
[BlackElo "2571"]
[Annotator "ChessBase"]
[PlyCount "88"]
[EventDate "2021.12.29"]
[EventType "swiss"]
[EventCountry "POL"]
[Tiebreak "Cut1 Buchholz"]
[SourceTitle "playchess.com"]
[Source "ChessBase"]
[SourceQuality "1"]

1. c4 e6 2. Nc3 b6 3. e4 Bb7 4. d4 Bb4 5. f3 Qh4+ 6. g3 Bxc3+ 7. bxc3 Qe7 8.
Bd3 d6 9. Nh3 e5 10. Nf2 Nf6 11. O-O Nbd7 12. a4 a5 13. Ra2 O-O-O 14. Be3 Rhg8
15. Re1 g5 16. Bf1 h5 17. Bg2 Kb8 18. Qb3 g4 19. f4 exd4 20. cxd4 Nxe4 21. c5
dxc5 22. Nxe4 Bxe4 23. dxc5 Nxc5 24. Qb5 Bxg2 25. Rxg2 Rge8 26. Rge2 Qd7 27.
Qc4 Qd5 28. Qc2 Nd3 29. Bxb6 cxb6 30. Rxe8 Nxe1 31. Rxe1 Qd4+ 32. Kh1 Qd5+ 33.
Kg1 Rc8 34. Qb2 Kb7 35. Re7+ Rc7 36. Rxc7+ Kxc7 37. Qf6 Qe6 38. Qc3+ Kb7 39.
Qd4 Qc6 40. Qg7 Qc5+ 41. Kf1 Qc4+ 42. Ke1 b5 43. axb5 a4 44. Qf6 Qe6+ 0-1

[Event "FIDE Open World Blitz 2021"]
[Site "Warsaw"]
[Date "2021.12.30"]
[Round "21.50"]
[White "Wojtaszek, Radoslaw"]
[Black "Bologan, Victor"]
[Result "1/2-1/2"]
[WhiteElo "2700"]
[BlackElo "2574"]
[Annotator "ChessBase"]
[PlyCount "102"]
[EventDate "2021.12.29"]
[EventType "swiss"]
[EventCountry "POL"]
[Tiebreak "Cut1 Buchholz"]
[SourceTitle "playchess.com"]
[Source "ChessBase"]
[SourceQuality "1"]

1. d4 Nf6 2. c4 e6 3. Nf3 b6 4. g3 Bb7 5. Bg2 Be7 6. O-O O-O 7. Nc3 Ne4 8. Bd2
Bf6 9. Rc1 d6 10. Qc2 Nxd2 11. Qxd2 Nd7 12. e4 c6 13. h4 a6 14. d5 cxd5 15.
cxd5 Nc5 16. Rfe1 exd5 17. Nxd5 Bxd5 18. exd5 a5 19. Nd4 Bxd4 20. Qxd4 Re8 21.
Bf1 Ra7 22. Bb5 Rxe1+ 23. Rxe1 Re7 24. Re3 h5 25. b3 Rxe3 26. Qxe3 Qf6 27. Kg2
g6 28. Bc4 Kg7 29. Bb5 Qb2 30. Qf4 Qe5 31. Qxe5+ dxe5 32. d6 Kf8 33. Bc6 Ne6
34. Bd5 Nc5 35. Bc6 f5 36. Kf3 Kf7 37. Ke3 Ke6 38. Be8 Kf6 39. d7 Nb7 40. Kd3
b5 41. a4 bxa4 42. bxa4 f4 43. gxf4 exf4 44. Ke4 g5 45. Bxh5 gxh4 46. Kxf4 Ke7
47. Bg4 Nc5 48. Kg5 Nxa4 49. Kxh4 Nc5 50. Bd1 a4 51. Bxa4 Nxa4 1/2-1/2